Statistics for Romance Countries

Click here to take the quiz!

General Stats

  • This quiz has been taken 149 times
    (120 since last reset)
  • The average score is 11 of 13

Answer Stats

Answer% Correct
France
98%
Italy
98%
Andorra
96%
Portugal
94%
Belgium
88%
Spain
88%
Romania
87%
Vatican
87%
Monaco
85%
San Marino
85%
Switzerland
85%
Luxembourg
79%
Moldova
69%

Score Distribution

Percentile by Number Answered

Percent of People with Each Score

Your Score History

You have not taken this quiz since the last reset